[Event "SV RW-Altenessen 1-SK Sodingen/Castrop"]
[Site "Verbandsliga - Gruppe 1 2018/"]
[Date "2019.05.05"]
[Round "9.1"]
[White "Ribbeheger, Edgar"]
[Black "Praß, Marian"]
[Result "1/2-1/2"]
[WhiteElo "2006"]
[BlackElo "2022"]
[PlyCount "101"]
[EventDate "2019.??.??"]

1. c4 e6 2. Nc3 Nf6 3. g3 d5 4. Bg2 Be7 5. Nf3 O-O 6. O-O Nbd7 7. cxd5 exd5 8.
d4 c6 9. Qc2 Bd6 10. Bg5 h6 11. Bd2 Re8 12. Nh4 Nf8 13. Rfe1 Ne6 14. Nf5 Bf8
15. Rad1 Ng5 16. f3 Qb6 17. Bc1 a5 18. g4 Bxf5 19. Qxf5 Ne6 20. e3 a4 21. a3
Nd7 22. Qc2 Qa7 23. Qf2 Nf6 24. Bf1 b5 25. Bd3 b4 26. axb4 Bxb4 27. Re2 a3 28.
Na2 axb2 29. Rxb2 Bd6 30. Nb4 c5 31. Ra2 Qb6 32. Rxa8 Rxa8 33. dxc5 Bxc5 34.
Nc2 Nf4 35. Kf1 Nxd3 36. Rxd3 Qb1 37. Qd2 Ra2 38. Rc3 Qb5+ 39. Qe2 Qb6 40. Qd3
Qd6 41. Ba3 Nd7 42. Bxc5 Nxc5 43. Qb5 Qa6 44. Qxa6 Nxa6 45. Rc8+ Kh7 46. h4 g6
47. Ke1 Rb2 48. Kd1 Nb4 49. Nxb4 Rxb4 50. Kd2 d4 51. exd4 1/2-1/2

[Event "SV RW-Altenessen 1-SK Sodingen/Castrop"]
[Site "Verbandsliga - Gruppe 1 2018/"]
[Date "2019.05.05"]
[Round "9.2"]
[White "Kordonowski, Frank"]
[Black "Haberhausen, Ansgar"]
[Result "1/2-1/2"]
[WhiteElo "1959"]
[BlackElo "1993"]
[PlyCount "72"]
[EventDate "2019.??.??"]

1. Nf3 d5 2. d4 Nf6 3. e3 c6 4. Be2 Bf5 5. Nbd2 e6 6. Nf1 Nbd7 7. Ng3 Bg6 8.
O-O Bd6 9. c4 O-O 10. c5 Bxg3 11. hxg3 b6 12. b4 Qc7 13. Bb2 bxc5 14. bxc5 Rab8
15. Bc3 Ne4 16. Be1 Rb2 17. Bd3 Rfb8 18. Nh4 Ndf6 19. Nxg6 hxg6 20. Qa4 Nd2 21.
Bxd2 Rxd2 22. Rad1 Rbb2 23. Rxd2 Rxd2 24. Qa6 e5 25. dxe5 Nd7 26. e6 fxe6 27.
Bxg6 Nxc5 28. Qa3 Ne4 29. Bxe4 dxe4 30. Qb4 Qd7 31. Qxe4 Rxa2 32. Rb1 Ra5 33.
Rb8+ Kf7 34. Rb1 Rd5 35. Qf4+ Rf5 36. Qh4 Rb5 1/2-1/2

[Event "SV RW-Altenessen 1-SK Sodingen/Castrop"]
[Site "Verbandsliga - Gruppe 1 2018/"]
[Date "2019.05.05"]
[Round "9.3"]
[White "Foerster, Wolfgang"]
[Black "Birdaini, Becir"]
[Result "1-0"]
[WhiteElo "1994"]
[BlackElo "2000"]
[PlyCount "75"]
[EventDate "2019.??.??"]

1. e4 e5 2. Nc3 Nc6 3. g3 Nf6 4. Bg2 Bb4 5. Nge2 d6 6. h3 h6 7. a3 Bxc3 8. Nxc3
Bd7 9. d3 Ne7 10. Be3 Bc6 11. d4 a6 12. O-O Ng6 13. f4 Qe7 14. fxe5 dxe5 15. d5
Bd7 16. Qf3 Nh7 17. d6 Qe6 18. dxc7 O-O 19. Nd5 Rac8 20. h4 Rfe8 21. Rf2 Ne7
22. Raf1 f6 23. c4 b5 24. cxb5 Bxb5 25. Rc1 Nxd5 26. exd5 Qd7 27. Rfc2 e4 28.
Qh5 Re5 29. Qd1 Ba4 30. d6 f5 31. Qd4 Bxc2 32. Qxe5 Bb3 33. Bf1 Nf6 34. Bxa6 f4
35. Bxc8 Qxc8 36. Qxf4 Be6 37. Qe5 Bd7 38. Qe7 1-0

[Event "SV RW-Altenessen 1-SK Sodingen/Castrop"]
[Site "Verbandsliga - Gruppe 1 2018/"]
[Date "2019.05.05"]
[Round "9.4"]
[White "Cavasin, Joerg"]
[Black "Schriewer, Thomas"]
[Result "1-0"]
[WhiteElo "1913"]
[BlackElo "1905"]
[Annotator "Daniel"]
[PlyCount "83"]
[EventDate "2019.??.??"]

1. Nf3 c5 2. c4 Nc6 3. g3 g6 4. Bg2 Bg7 5. O-O e6 6. Nc3 Nge7 7. d3 O-O 8. e4
d6 9. Bd2 b6 10. Rb1 Bb7 11. a3 Qd7 12. Qc1 Rfe8 13. h4 Ne5 14. Ne1 h5 15. Bh6
Bh8 16. Bh3 Kh7 17. Bf4 Qd8 18. Bxe5 Bxe5 19. Nf3 Bg7 20. Ng5+ Kg8 21. f4 Bc8
22. Kh2 d5 23. Qc2 dxc4 24. dxc4 Qd4 $11 25. Nb5 Qd7 26. Rbd1 Qc6 27. Nd6 Rf8
28. Qe2 Bd4 29. e5 Qa4 30. Bg2 Rb8 31. Rd3 Ba6 32. b3 Qxa3 33. Nge4 Qb2 34.
Nf6+ Kg7 35. Qxb2 Bxb2 36. Nd7 Rbd8 37. Nxf8 Kxf8 38. Rf2 Bd4 39. Ra2 Bc8 40.
Rxa7 Bd7 41. Rc7 Nf5 42. Nb7 1-0

[Event "SV RW-Altenessen 1-SK Sodingen/Castrop"]
[Site "Verbandsliga - Gruppe 1 2018/"]
[Date "2019.05.05"]
[Round "9.5"]
[White "Evertz, Dieter"]
[Black "Rohloff, Markus"]
[Result "1/2-1/2"]
[WhiteElo "1923"]
[BlackElo "1911"]
[PlyCount "105"]
[EventDate "2019.??.??"]

1. b3 Nf6 2. Bb2 g6 3. g3 Bg7 4. Bg2 O-O 5. c4 c6 6. e4 d6 7. Ne2 e5 8. Nbc3
Nbd7 9. O-O Re8 10. h3 Nc5 11. d3 Ne6 12. Qd2 Qe7 13. Kh2 Bd7 14. a4 Rad8 15.
b4 h6 16. a5 Nh5 17. a6 b6 18. Ba3 Ng5 19. h4 Ne6 20. b5 g5 21. hxg5 Nxg5 22.
bxc6 Bh3 23. Nd5 Qe6 24. Ng1 Bxg2 25. Kxg2 Nf4+ 26. Nxf4 exf4 27. Qxf4 Bxa1 28.
Rxa1 Qe5 29. Qc1 Qd4 30. Qd1 Rc8 31. f4 Ne6 32. Ne2 Qg7 33. Bxd6 Rxc6 34. e5
Qg4 35. Qd2 Nc5 36. Re1 Ne6 37. Rh1 Kh7 38. Rh4 Qg7 39. f5 Ng5 40. f6 Qg6 41.
Nd4 Rcc8 42. g4 Rg8 43. Kh1 Rxc4 44. dxc4 Qe4+ 45. Kg1 Qxd4+ 46. Qxd4 Nf3+ 47.
Kf2 Nxd4 48. Bb4 Ne6 49. Bd2 Rg6 50. Ke3 Nc5 51. Bc3 Kg8 52. Bd4 Nxa6 53. Kf4
1/2-1/2

[Event "SV RW-Altenessen 1-SK Sodingen/Castrop"]
[Site "Verbandsliga - Gruppe 1 2018/"]
[Date "2019.05.05"]
[Round "9.6"]
[White "Avgustin, Thomas"]
[Black "Hessel, Malte"]
[Result "0-1"]
[WhiteElo "1717"]
[BlackElo "1940"]
[PlyCount "104"]
[EventDate "2019.??.??"]

1. e4 c6 2. d4 d5 3. e5 c5 4. dxc5 e6 5. Be3 Nc6 6. Bb5 Nge7 7. Ne2 Bd7 8. Bxc6
Nxc6 9. Bd4 Qa5+ 10. Qd2 Qxd2+ 11. Kxd2 Nxd4 12. Nxd4 Bxc5 13. c3 f6 14. Re1
O-O 15. f3 fxe5 16. Rxe5 Bd6 17. Re2 e5 18. Nc2 Bb5 19. Re1 Rae8 20. Nba3 Bc6
21. h3 e4 22. Nd4 Bg3 23. Re2 exf3 24. Rxe8 Bxe8 25. Nxf3 Bf4+ 26. Ke2 Bg6 27.
Nb5 Re8+ 28. Kf2 Be3+ 29. Kg3 Bb6 30. Nbd4 Re3 31. Kf2 Re7 32. Re1 Rxe1 33.
Kxe1 Kf8 34. Ne6+ Ke7 35. Nfd4 Bb1 36. a3 g6 37. Kd2 Kf6 38. Ke3 Bf5 39. Nf4
Ke5 40. g4 g5 41. Nfe2 Be4 42. Kf2 Bd3 43. Kf3 a5 44. b4 a4 45. Kg3 Ke4 46. Nf3
Bxe2 47. Nxg5+ Kd3 48. Nxh7 Kxc3 49. g5 d4 50. Nf6 Bc4 51. Kf2 d3+ 52. Ke1 d2+
0-1

[Event "SV RW-Altenessen 1-SK Sodingen/Castrop"]
[Site "Verbandsliga - Gruppe 1 2018/"]
[Date "2019.05.05"]
[Round "9.7"]
[White "Kock, Wolfgang"]
[Black "Metzner, Carsten"]
[Result "1/2-1/2"]
[WhiteElo "2002"]
[BlackElo "1804"]
[PlyCount "72"]
[EventDate "2019.??.??"]

1. c4 e6 2. Nc3 d5 3. cxd5 exd5 4. d4 Nf6 5. Bg5 Be7 6. Qc2 h6 7. Bh4 O-O 8. e3
a6 9. Bd3 Be6 10. Nge2 c6 11. O-O Re8 12. Rad1 Qc7 13. f4 Bg4 14. Rde1 Bb4 15.
Bxf6 gxf6 16. Nxd5 Qd6 17. Nxb4 Qxb4 18. Ng3 Nd7 19. Bf5 Bxf5 20. Nxf5 Re6 21.
Nxh6+ Kh8 22. Qf2 Qa5 23. f5 Re4 24. Qf3 Rh4 25. Ng4 Rg8 26. h3 Qxa2 27. Qg3
Rh5 28. e4 Qxb2 29. Qd6 Rd8 30. Rb1 Qc3 31. Rxb7 Rg8 32. Rxd7 Rxg4 33. Qxf6+
Rg7 34. Rf3 Qe1+ 35. Rf1 Qe3+ 36. Rf2 Qe1+ 1/2-1/2

[Event "SV RW-Altenessen 1-SK Sodingen/Castrop"]
[Site "Verbandsliga - Gruppe 1 2018/"]
[Date "2019.05.05"]
[Round "9.8"]
[White "Drawe, Thomas"]
[Black "Zwielich, Frank"]
[Result "1/2-1/2"]
[WhiteElo "1836"]
[BlackElo "1933"]
[PlyCount "35"]
[EventDate "2019.??.??"]

1. c4 e5 2. g3 d6 3. Bg2 g6 4. d3 Bg7 5. Nf3 Ne7 6. O-O O-O 7. Nc3 c6 8. Rb1 f5
9. Bg5 Be6 10. Qd2 d5 11. cxd5 cxd5 12. Bxe7 Qxe7 13. Ng5 e4 14. dxe4 dxe4 15.
Nd5 Bxd5 16. Qxd5+ Kh8 17. Ne6 Re8 18. Nxg7 1/2-1/2

[Event "SV Erkenschwick 2-Königsspringer  Hamm1"]
[Site "Verbandsliga -"]
[Date "2019.05.05"]
[Round "9.1"]
[White "Frombach, Ralf"]
[Black "Trzaska, Peter"]
[Result "1/2-1/2"]
[WhiteElo "2177"]
[BlackElo "2061"]
[PlyCount "64"]
[EventDate "2019.??.??"]

1. Nf3 d5 2. c4 c6 3. e3 Nf6 4. Nc3 g6 5. d4 Bg7 6. Bd3 O-O 7. O-O Bf5 8. Bxf5
gxf5 9. cxd5 cxd5 {R} 10. Qb3 b6 11. Bd2 Nc6 12. Rfc1 Na5 13. Qc2 Ne4 14. Nxe4
fxe4 15. Bxa5 exf3 16. Bb4 fxg2 17. Qc7 Bf6 {R} 18. Qxd8 Rfxd8 19. Rc7 e5 20.
Bc3 exd4 21. Bxd4 Bxd4 22. exd4 Re8 23. Kxg2 Re2 24. Kf3 Rxb2 25. Rg1+ Kf8 26.
Rg5 Re8 27. Rxd5 Ree2 28. Rd8+ Kg7 29. Rxa7 Rxf2+ 30. Ke4 Rxa2 31. Rb7 Rxh2 32.
d5 Rhe2+ 1/2-1/2

[Event "SV Erkenschwick 2-Königsspringer  Hamm1"]
[Site "Verbandsliga -"]
[Date "2019.05.05"]
[Round "9.2"]
[White "Jungbluth, Rolf"]
[Black "Happel, Heiner"]
[Result "0-1"]
[WhiteElo "1954"]
[BlackElo "2168"]
[PlyCount "96"]
[EventDate "2019.??.??"]

1. c4 e6 2. Nc3 f5 3. g3 Nf6 4. Bg2 d5 5. d4 c6 6. Qb3 Be7 7. Nf3 O-O 8. O-O
Ne4 9. e3 Nd7 10. Re1 Kh8 11. Nd2 Ndf6 12. f3 Nd6 13. a4 b6 14. a5 b5 15. c5
Nf7 16. f4 Ne4 17. Nf1 Bd7 18. a6 g5 19. Bd2 Nh6 20. Nxe4 fxe4 21. Bc3 Nf5 22.
Qd1 Bf6 23. Bh3 Qe7 24. Qd2 Qg7 25. fxg5 Bxg5 26. Bxf5 Rxf5 27. Qg2 Raf8 28.
Re2 Be8 29. Rae1 Bh5 30. Rc2 Rxf1+ 31. Rxf1 Bxe3+ 32. Rff2 Bf3 33. Qh3 Bxf2+
34. Rxf2 e3 35. Rf1 e2 36. Re1 Bg4 37. Qg2 Qg5 38. Rxe2 Bxe2 39. Qxe2 Qf5 40.
Kg2 Kg7 41. Bd2 h5 42. Bf4 Kg6 43. Bd6 Rf7 44. Bf4 h4 45. h3 hxg3 46. Bxg3 Qe4+
47. Qxe4+ dxe4 48. Be1 e3 0-1

[Event "SV Erkenschwick 2-Königsspringer  Hamm1"]
[Site "Verbandsliga -"]
[Date "2019.05.05"]
[Round "9.3"]
[White "Dargel, Manuel"]
[Black "Broszeit, Peter"]
[Result "1-0"]
[WhiteElo "2119"]
[BlackElo "1913"]
[PlyCount "57"]
[EventDate "2019.??.??"]

1. c4 e6 2. Nc3 d5 3. cxd5 exd5 4. d4 c5 5. Nf3 Nc6 6. g3 c4 7. Bg2 Bb4 8. O-O
Nge7 9. Bf4 O-O 10. Rc1 Bf5 11. a3 Bd6 12. Ne5 Be6 13. Re1 f6 14. Nxc6 bxc6 15.
Bxd6 Qxd6 16. Na4 Rab8 17. Qd2 Nc8 18. Nc5 Nb6 19. Rc3 Nd7 20. Nxe6 Qxe6 21. e4
Qd6 22. exd5 cxd5 23. Rce3 Nb6 24. Re6 Qd7 25. Re7 Qd8 26. Qa5 Rf7 27. Qxa7 Ra8
28. Qb7 Rb8 29. Rxf7 1-0

[Event "SV Erkenschwick 2-Königsspringer  Hamm1"]
[Site "Verbandsliga -"]
[Date "2019.05.05"]
[Round "9.6"]
[White "Broksch, Dirk"]
[Black "Klaus, Michael"]
[Result "1-0"]
[WhiteElo "1850"]
[BlackElo "1854"]
[PlyCount "41"]
[EventDate "2019.??.??"]

1. e4 e6 2. d4 d5 3. exd5 exd5 4. Bd3 Bd6 5. Nf3 Ne7 6. Bg5 O-O 7. Nc3 c6 8.
Qd2 f6 9. Be3 Nf5 10. O-O-O Nxe3 11. fxe3 Qc7 12. Kb1 b5 13. e4 Bf4 14. Qf2 b4
15. Ne2 dxe4 16. Bxe4 Re8 17. Nxf4 Qxf4 18. Bd3 Ba6 19. Rhe1 Rd8 20. Qe2 Bc8
21. Bc4+ 1-0

[Event "SV Erkenschwick 2-Königsspringer  Hamm1"]
[Site "Verbandsliga -"]
[Date "2019.05.05"]
[Round "9.8"]
[White "Stötzel, Martin"]
[Black "Kauder, Hartmut"]
[Result "0-1"]
[WhiteElo "1756"]
[BlackElo "2089"]
[PlyCount "102"]
[EventDate "2019.??.??"]

1. e4 c5 2. Nf3 Nc6 3. d4 cxd4 4. Nxd4 g6 5. c4 Bg7 6. Be3 Nf6 7. Nc3 O-O 8.
Be2 d6 9. O-O Bd7 10. Qd2 Ng4 11. Bxg4 Bxg4 12. Nxc6 bxc6 13. Bh6 Be6 14. Bxg7
Kxg7 15. b3 f6 16. Rad1 Qa5 17. Ne2 Qxd2 18. Rxd2 c5 19. Nf4 Kf7 20. Nxe6 Kxe6
21. Re1 a5 22. a4 Rfb8 23. Rd3 Rb4 24. f3 Rab8 25. Ree3 R8b6 26. Kf2 Kf7 27. g4
e5 28. Rc3 Ke6 29. Red3 Rb8 30. Kg2 R4b6 31. Kf2 f5 32. h3 Rf8 33. Kg2 h5 34.
gxh5 gxh5 35. Rc2 fxe4 36. fxe4 Rf4 37. Re3 Rb7 38. Kh2 h4 39. Rg2 Rbf7 40. Rc2
Rf2+ 41. Rxf2 Rxf2+ 42. Kg1 Rb2 43. Kf1 Kf6 44. Rd3 Kg5 45. Rxd6 Rxb3 46. Rd5
Kf4 47. Rxc5 Rxh3 48. Rxa5 Rc3 49. Rc5 h3 50. Rc8 Rc1+ 51. Kf2 h2 0-1

[Event "SV Ahlen 1 - SF Brackel 2"]
[Site "Verbandsliga - Gruppe 1 2018/"]
[Date "2019.05.05"]
[Round "9.1"]
[White "Bree, Thomas"]
[Black "Steinle, Carsten"]
[Result "1/2-1/2"]
[WhiteElo "2069"]
[BlackElo "2120"]
[PlyCount "125"]
[EventDate "2019.??.??"]

1. d4 Nf6 2. c4 d6 3. Nc3 Nbd7 4. Nf3 e5 5. g3 c6 6. e4 Be7 7. Bg2 O-O 8. O-O
Re8 9. h3 Bf8 10. Be3 a6 11. d5 Qc7 12. Rc1 Qb8 13. Ne1 cxd5 14. cxd5 Be7 15.
Nd3 Bd8 16. Qe2 Bb6 17. Bxb6 Nxb6 18. Rc2 Bd7 19. g4 Re7 20. Rfc1 Qd8 21. Qe1
Rc8 22. b3 Be8 23. Qe3 Na8 24. Nd1 Rec7 25. Rxc7 Rxc7 26. Rxc7 Qxc7 27. Qc1 Qd8
28. Ne3 Nc7 29. Nf5 Bb5 30. Nb2 Nfe8 31. a4 Bd7 32. Ne3 Qg5 33. Qe1 h5 34. f3
hxg4 35. hxg4 g6 36. Nbc4 f5 37. gxf5 gxf5 38. Nb6 fxe4 39. fxe4 Bh3 40. Kh2
Bxg2 41. Nxg2 Nf6 42. Nc4 Nce8 43. Kg1 Qg6 44. Nd2 Ng7 45. Qh4 Ngh5 46. Kf2 Kf7
47. Qh3 Ng4+ 48. Ke1 Nhf6 49. Ne3 Nxe3 50. Qxe3 Qg4 51. Qe2 Qg1+ 52. Qf1 Qe3+
53. Kd1 Qg5 54. Qc4 Qg1+ 55. Kc2 Nd7 56. b4 Ke7 57. Qc7 Qb6 58. Qxb6 Nxb6 59.
Kb3 Nd7 60. Kc4 b6 61. Kd3 Kd8 62. Ke3 Kc7 63. Kd3 1/2-1/2

[Event "SV Ahlen 1 - SF Brackel 2"]
[Site "Verbandsliga - Gruppe 1 2018/"]
[Date "2019.05.05"]
[Round "9.2"]
[White "Torres-Kuckel, Rafael"]
[Black "Althoff, Ralph"]
[Result "1/2-1/2"]
[WhiteElo "2079"]
[BlackElo "2009"]
[PlyCount "105"]
[EventDate "2019.??.??"]

1. e4 c5 2. Nf3 g6 3. c3 Bg7 4. d4 cxd4 5. cxd4 d5 6. e5 Bg4 7. Nc3 Nc6 8. Bb5
e6 9. Bxc6+ bxc6 10. O-O Bxf3 11. Qxf3 Ne7 12. Bg5 O-O 13. Na4 h6 14. Bxe7 Qxe7
15. Qc3 f6 16. exf6 Bxf6 17. Nc5 e5 18. dxe5 Bxe5 19. Qc2 Qd6 20. h3 Bd4 21.
Rac1 Rf6 22. Nd3 Raf8 23. Kh1 Bb6 24. Qe2 Re6 25. Qd2 Kh7 26. Rce1 Bc7 27. g3
Re4 28. Nf4 Rexf4 29. gxf4 Rxf4 30. Qe3 Re4 31. Qg3 Qd7 32. Qg2 Rh4 33. Re3 d4
34. Rd3 c5 35. b3 Qf5 36. Rf3 Qd7 37. Re1 g5 38. Rd3 Rf4 39. Re4 Rf7 40. b4 Qb5
41. Rd1 Qxb4 42. Re6 d3 43. Qc6 Qf4 44. Rxh6+ Kg7 45. Rg6+ Kf8 46. Qa8+ Bb8 47.
Qg2 Rf5 48. Rxd3 Kf7 49. Rc6 Qc1+ 50. Qg1 Qc4 51. Rd7+ Ke8 52. Rd1 Qf4 53. Qg2
1/2-1/2

[Event "SV Ahlen 1 - SF Brackel 2"]
[Site "Verbandsliga - Gruppe 1 2018/"]
[Date "2019.05.05"]
[Round "9.3"]
[White "Al Tarboush, Hussam"]
[Black "Rueberg, Jobst"]
[Result "0-1"]
[WhiteElo "1972"]
[BlackElo "2063"]
[PlyCount "62"]
[EventDate "2019.??.??"]

1. e4 c5 2. Nf3 e6 3. d4 cxd4 4. Nxd4 a6 5. Be2 Qc7 6. O-O Nf6 7. Bf3 Nc6 8.
Nc3 Be7 9. g3 O-O 10. a3 d6 11. Bg2 Nxd4 12. Qxd4 Bd7 13. Kh1 Bc6 14. f4 Rad8
15. Qg1 b5 16. Be3 Qb7 17. e5 Ng4 18. Rae1 dxe5 19. Bc1 exf4 20. Rxf4 Nf6 21.
Bxc6 Qxc6+ 22. Qg2 Qxg2+ 23. Kxg2 Rc8 24. Rf3 Rfd8 25. Re2 Rd7 26. h3 h6 27. g4
Rdc7 28. Bd2 Rb7 29. Re5 a5 30. Rxb5 Rxb5 31. Nxb5 Rxc2 0-1

[Event "SV Ahlen 1 - SF Brackel 2"]
[Site "Verbandsliga - Gruppe 1 2018/"]
[Date "2019.05.05"]
[Round "9.4"]
[White "Volesky, Alexander"]
[Black "Borchert, Louis"]
[Result "0-1"]
[WhiteElo "2015"]
[BlackElo "1927"]
[Annotator "Daniel"]
[PlyCount "82"]
[EventDate "2019.??.??"]

1. d4 d5 2. Bf4 Nf6 3. e3 c5 4. c3 Nc6 5. Nd2 Bf5 6. Qb3 Qb6 7. dxc5 Qxb3 8.
Nxb3 e5 9. Bg3 Ne4 10. Bb5 f6 11. O-O-O O-O-O 12. Bd3 Bg6 13. Bxe4 dxe4 14. Ne2
Be7 15. f4 $11 Bh5 16. Rhe1 Rd3 17. Bf2 Rxd1+ 18. Kxd1 Rd8+ 19. Kc1 Bg6 20. g4
h5 21. h3 hxg4 22. hxg4 Rh8 23. f5 Bf7 24. Ng3 Rh4 25. Nxe4 Rxg4 26. Ned2 e4
27. Rg1 Ne5 28. Rxg4 Nxg4 29. Bg1 Bxb3 30. Nxb3 Kd7 31. Nd4 Bxc5 32. Ne6 Bxe3+
33. Bxe3 Nxe3 34. Nxg7 Kd6 35. Kd2 Nc4+ 36. Kc2 Ke5 37. Ne8 Ne3+ 38. Kd2 Nxf5
39. b4 Ne7 40. a4 Nd5 41. a5 a6 0-1

[Event "SV Ahlen 1 - SF Brackel 2"]
[Site "Verbandsliga - Gruppe 1 2018/"]
[Date "2019.05.05"]
[Round "9.5"]
[White "Bense, Dirk"]
[Black "Volesky, Karl-Heinz"]
[Result "1/2-1/2"]
[WhiteElo "1983"]
[BlackElo "1952"]
[PlyCount "82"]
[EventDate "2019.??.??"]

1. e4 c5 2. Nf3 Nc6 3. d4 cxd4 4. Nxd4 Nf6 5. Nc3 e5 6. Ndb5 d6 7. Nd5 Nxd5 8.
exd5 Nb8 9. a4 a6 10. Na3 Bf5 11. Nc4 Nd7 12. Be2 Bg6 13. O-O f5 14. f4 e4 15.
Be3 Be7 16. b4 O-O 17. Na5 Bf6 18. Rb1 Qc7 19. c4 Be8 20. Nb3 Nb6 21. a5 Nxc4
22. Bd4 b5 23. axb6 Nxb6 24. Rc1 Qb8 25. Bxf6 Rxf6 26. Na5 Bf7 27. Nc6 Qe8 28.
Bc4 Nxc4 29. Rxc4 Qd7 30. Qd4 Qb7 31. Re1 h6 32. Rc3 Kh7 33. Ra1 Qb5 34. Ra5
Qe2 35. Re3 Qc2 36. b5 Be8 37. b6 Bxc6 38. dxc6 Rg6 39. g3 Qc1+ 40. Kf2 Qc2+
41. Kg1 Qc1+ 1/2-1/2

[Event "SV Ahlen 1 - SF Brackel 2"]
[Site "Verbandsliga - Gruppe 1 2018/"]
[Date "2019.05.05"]
[Round "9.6"]
[White "Woestmann, Ulrich"]
[Black "Schwiddessen, Jan"]
[Result "1-0"]
[WhiteElo "1974"]
[BlackElo "1868"]
[PlyCount "33"]
[EventDate "2019.??.??"]

1. e4 c5 2. Nc3 d6 3. g3 g6 4. Bg2 Bg7 5. d3 Nc6 6. Be3 Nd4 7. h3 Qa5 8. Bd2 e6
9. Nge2 Qb6 10. O-O Ne7 11. Rb1 h5 12. b4 Rb8 13. bxc5 Qxc5 14. Nxd4 Bxd4 15.
Nb5 Nc6 16. c3 Bg7 17. d4 1-0

[Event "SV Ahlen 1 - SF Brackel 2"]
[Site "Verbandsliga - Gruppe 1 2018/"]
[Date "2019.05.05"]
[Round "9.7"]
[White "Strathoff, Dirk"]
[Black "Busche, Klaus"]
[Result "1/2-1/2"]
[WhiteElo "1851"]
[BlackElo "1949"]
[PlyCount "194"]
[EventDate "2019.??.??"]

1. Nf3 Nc6 2. d4 d5 3. g3 Bg4 4. Bg2 e6 5. Bf4 Bxf3 6. Bxf3 Bd6 7. Qd2 Bxf4 8.
Qxf4 Qd6 9. Qxd6 cxd6 10. c3 Nf6 11. Nd2 Ke7 12. e3 Rhc8 13. Ke2 Rab8 14. Rhe1
Na5 15. Kd3 Kd7 16. Bd1 b5 17. a3 Nc4 18. Nxc4 bxc4+ 19. Kc2 Rb6 20. f3 Rcb8
21. Rb1 Ne8 22. Kc1 Ra6 23. Re2 Nc7 24. Bc2 f5 25. h3 Rf8 26. Kd2 h6 27. Rf1
Ke7 28. Ref2 Rb6 29. Kc1 Rfb8 30. Bd1 Rf8 31. Rg1 Ne8 32. g4 f4 33. Re1 fxe3
34. Rxe3 Rf4 35. Rfe2 Nc7 36. Bc2 Rb8 37. Bf5 Kd7 38. Bxe6+ Nxe6 39. Rxe6 Rxf3
40. Re7+ Kc6 41. Rxa7 Rb7 42. Rxb7 Kxb7 43. Re7+ Kc6 44. h4 Rf1+ 45. Kc2 g6 46.
Re6 Rh1 47. Rxg6 Rxh4 48. Kb1 h5 49. g5 Rg4 50. Rg8 h4 51. Rc8+ Kb7 52. Rh8
Rxg5 53. Rxh4 Rg8 54. Rh2 Kc6 55. Ka2 Ra8 56. Rh1 Ra7 57. Rh8 Ra6 58. Rb8 Ra7
59. Rb4 Ra8 60. a4 Ra7 61. Ka3 Ra8 62. Rb5 Ra7 63. Kb4 Rh7 64. a5 Rh1 65. Rb6+
Kc7 66. Kb5 Ra1 67. a6 Ra2 68. Rb7+ Kc8 69. Kb6 Rxb2+ 70. Kc6 Ra2 71. Rc7+ Kb8
72. a7+ Ka8 73. Kxd5 Ra5+ 74. Kxc4 d5+ 75. Kb3 Rb5+ 76. Kc2 Rb2+ 77. Kd3 Rd2+
78. Ke3 Rd3+ 79. Kf4 Rxd4+ 80. Ke5 Rd3 81. Kd6 d4 82. c4 Ra3 83. c5 d3 84. Rd7
d2 85. Kc6 Ra6+ 86. Kb5 Ra2 87. Kb6 Rb2+ 88. Kc6 Ra2 89. Kb5 Rb2+ 90. Kc4 Rc2+
91. Kb4 Rb2+ 92. Kc3 Rb5 93. Kc4 Rb2 94. Rd3 Kxa7 95. Kd5 Kb7 96. Kd6 Kc8 97.
Kc6 Ra2 1/2-1/2

[Event "SV Ahlen 1 - SF Brackel 2"]
[Site "Verbandsliga - Gruppe 1 2018/"]
[Date "2019.05.05"]
[Round "9.8"]
[White "Starp, Klaus"]
[Black "Buechle, Manfred"]
[Result "1/2-1/2"]
[WhiteElo "1897"]
[BlackElo "1765"]
[PlyCount "55"]
[EventDate "2019.??.??"]

1. e4 c5 2. Nc3 Nc6 3. g3 d6 4. Bg2 Nf6 5. d3 e6 6. f4 a6 7. Nf3 Qc7 8. O-O Be7
9. h3 O-O 10. Be3 Rd8 11. Bf2 Rb8 12. g4 b5 13. Ne2 Bb7 14. Ng3 Nd7 15. g5 d5
16. e5 g6 17. Nh2 Bf8 18. Ng4 Ne7 19. h4 Nf5 20. Nxf5 exf5 21. Nh2 d4 22. Re1
Bxg2 23. Kxg2 Re8 24. Qf3 Qb7 25. Re2 Qxf3+ 26. Kxf3 Rbd8 27. Nf1 Nb6 28. Rae1
1/2-1/2

[Event "SV Bottrop 1 - SG Bochum 3"]
[Site "Verbandsliga - Gruppe 1 2018/"]
[Date "2019.05.05"]
[Round "9.1"]
[White "Butschek, Marc"]
[Black "Stadtmann, Jens"]
[Result "1/2-1/2"]
[WhiteElo "2013"]
[BlackElo "2155"]
[PlyCount "31"]
[EventDate "2019.??.??"]

1. e4 e6 2. d4 d5 3. exd5 exd5 4. Nf3 Bg4 5. c4 Bb4+ 6. Nc3 Nc6 7. Be2 Nge7 8.
Be3 O-O 9. O-O Bxf3 10. Bxf3 dxc4 11. Qa4 a6 12. d5 b5 13. Qd1 Ne5 14. Bd4 Bxc3
15. bxc3 f5 16. d6 1/2-1/2

[Event "SV Bottrop 1 - SG Bochum 3"]
[Site "Verbandsliga - Gruppe 1 2018/"]
[Date "2019.05.05"]
[Round "9.3"]
[White "Fistoul, Boris"]
[Black "Nowak, Steven"]
[Result "0-1"]
[WhiteElo "1989"]
[BlackElo "1982"]
[PlyCount "134"]
[EventDate "2019.??.??"]

1. d4 e6 2. c4 b6 3. e4 Bb7 4. f3 d6 5. Nc3 Nd7 6. Be3 g6 7. h4 h6 8. Qd2 Bg7
9. O-O-O Ne7 10. g4 a6 11. Kb1 c6 12. h5 g5 13. f4 gxf4 14. Bxf4 c5 15. d5 e5
16. Be3 Ng8 17. Nf3 Ndf6 18. Bh3 Bc8 19. Rdg1 Bd7 20. Qe2 Rb8 21. Bc1 b5 22.
Qh2 b4 23. Nd1 Nxe4 24. Re1 Ng5 25. Nxe5 dxe5 26. Rxe5+ Kf8 27. Re2 Nxh3 28.
Qxh3 Bd4 29. Bf4 Rb6 30. Qg3 Qc8 31. Bd6+ Rxd6 32. Qxd6+ Kg7 33. Ne3 Nf6 34.
Nc2 Ne8 35. Qf4 Bf6 36. Rf1 Qc7 37. Qf3 Qd6 38. Ne3 Rf8 39. Rff2 Bg5 40. Nf1
Nf6 41. Nh2 a5 42. Rf1 a4 43. Ref2 Re8 44. Re2 Rxe2 45. Qxe2 a3 46. Rf2 Qg3 47.
Rf3 Qg1+ 48. Rf1 Qd4 49. Rd1 Qxb2+ 50. Qxb2 axb2 51. Kxb2 Nxg4 52. Nxg4 Bxg4
53. Rh1 Bf4 54. a4 bxa3+ 55. Kxa3 Bd7 56. Rb1 Kf6 57. Rb7 Ke7 58. Kb3 f5 59.
Kc3 Bg5 60. Kd3 Kd6 61. Rb6+ Ke5 62. Ra6 f4 63. Ra5 Bg4 64. Rxc5 f3 65. Ra5
Bf5+ 66. Kc3 Ke4 67. Ra2 Ke3 0-1

[Event "SV Bottrop 1 - SG Bochum 3"]
[Site "Verbandsliga - Gruppe 1 2018/"]
[Date "2019.05.05"]
[Round "9.4"]
[White "Masberg, Stefan"]
[Black "Finke, Dominik"]
[Result "0-1"]
[WhiteElo "1940"]
[BlackElo "2005"]
[Annotator "Daniel"]
[PlyCount "74"]
[EventDate "2019.??.??"]

1. e4 e5 2. Nf3 Nc6 3. Bc4 Bc5 4. c3 Nf6 5. d3 d6 6. h3 Be6 7. Nbd2 a6 8. b4
Ba7 9. O-O O-O 10. Qe2 Re8 11. Bxe6 fxe6 12. Re1 Rf8 13. Nf1 Qd7 14. Be3 $11
Ne7 15. Bxa7 Rxa7 16. d4 Ng6 17. dxe5 dxe5 18. Qc4 Qe7 19. Ng3 Kh8 20. a4 h5
21. Rab1 b6 22. b5 a5 23. Rbd1 Raa8 24. Ne2 h4 25. Nc1 Nh5 26. Re3 Nhf4 27. Kh2
Rf7 28. Nd3 Qf6 29. Nxf4 Nxf4 30. Rd2 Raf8 31. Kh1 Qg6 32. Qf1 Qh5 33. Nh2 Qg5
34. Ng4 Nh5 35. Qd1 Rf4 36. f3 Ng3+ 37. Kh2 Rxg4 0-1

[Event "SV Bottrop 1 - SG Bochum 3"]
[Site "Verbandsliga - Gruppe 1 2018/"]
[Date "2019.05.05"]
[Round "9.5"]
[White "Pilat, Fabian"]
[Black "Gierse, Heinz-Dieter"]
[Result "1/2-1/2"]
[WhiteElo "1928"]
[BlackElo "1940"]
[PlyCount "50"]
[EventDate "2019.??.??"]

1. d4 Nf6 2. Nf3 g6 3. Nbd2 Bg7 4. e4 d6 5. Bc4 O-O 6. O-O Nbd7 7. e5 dxe5 8.
dxe5 Ne8 9. e6 fxe6 10. Bxe6+ Kh8 11. Ne4 Nd6 12. Ng3 Ne5 13. Bxc8 Nxf3+ 14.
gxf3 Qxc8 15. Re1 e5 16. a4 Nf5 17. Re4 Nd4 18. Ra3 Qd7 19. Kg2 Qf7 20. Rd3
Rad8 21. Bg5 Rd6 22. Rh4 Nf5 23. Rh3 Nxg3 24. Rxg3 Rxd3 25. Qxd3 Bf6 1/2-1/2

[Event "SV Bottrop 1 - SG Bochum 3"]
[Site "Verbandsliga - Gruppe 1 2018/"]
[Date "2019.05.05"]
[Round "9.6"]
[White "Jaeger, Heinz"]
[Black "Blome, Simon"]
[Result "1-0"]
[WhiteElo "1948"]
[BlackElo "1900"]
[PlyCount "47"]
[EventDate "2019.??.??"]

1. d4 Nf6 2. Nf3 e6 3. Bg5 d5 4. Nbd2 Be7 5. Bxf6 Bxf6 6. e4 dxe4 7. Nxe4 O-O
8. c3 b6 9. Bd3 Bb7 10. Qe2 Nd7 11. O-O-O a5 12. g4 Be7 13. h4 Nf6 14. Nxf6+
Bxf6 15. g5 Be7 16. Rh3 Qc8 17. Ne5 Ba6 18. Bxh7+ Kxh7 19. Qh5+ Kg8 20. g6 fxg6
21. Nxg6 Qd8 22. Qh8+ Kf7 23. Ne5+ Ke8 24. Qh5+ 1-0

[Event "SV Bottrop 1 - SG Bochum 3"]
[Site "Verbandsliga - Gruppe 1 2018/"]
[Date "2019.05.05"]
[Round "9.7"]
[White "Vogt, Niels"]
[Black "Huestegge, Ulrich"]
[Result "1/2-1/2"]
[WhiteElo "1252"]
[BlackElo "1850"]
[PlyCount "44"]
[EventDate "2019.??.??"]

1. e4 e5 2. Nf3 Nc6 3. Bc4 Be7 4. O-O Nf6 5. Nc3 O-O 6. Re1 d6 7. h3 Bd7 8. b3
Nh5 9. Nd5 Nf4 10. Nxf4 exf4 11. d4 g5 12. Bb2 h5 13. Nh2 g4 14. hxg4 h4 15. f3
Kg7 16. Qd2 a6 17. a4 Bg5 18. Rad1 Rh8 19. Bf1 Qe7 20. e5 dxe5 21. d5 Qc5+ 22.
Kh1 Nb4 1/2-1/2